Statistiques concernant Harry Potter: les Mandragores

Cliquez ici pour prendre le quiz!

Statistiques générales

  • Ce quiz a été pris 80 fois
  • Le résultat moyen est 5 sur 8

Statistiques - réponses

InformationRéponse% Correct
Première apparitionHarry Potter et la Chambre des Secrets
100%
Derniere apparitionHarry Potter et les Reliques de la Mort
94%
TypePlante
94%
Chose mortelle chez la mandragoreSon cri
89%
Utilisation de "son philtre"Ramener à la vie les personnes pétrifiées
66%
DescriptionUn bébé que l'on enferme dans un pot
66%
UtilisationIngrédient de potions
30%
Créature qui adore en mangerFangieux
5%

Distribution des résultats

Percentile par nombre de réponses

% des personnes avec chaque résultat

Votre développement - résultats

Vous n’avez pas pris ce quiz